Vietnam et États voisins : Géopolitique d'une région sous influences (notice n° 2187202)

détails MARC
000 -LEADER
fixed length control field 01703cam a2200133 4500500
005 - DATE AND TIME OF LATEST TRANSACTION
control field 20260405064327.0
041 ## - LANGUAGE CODE
Language code of text/sound track or separate title fre
042 ## - AUTHENTICATION CODE
Authentication code dc
100 10 - MAIN ENTRY--PERSONAL NAME
Personal name Duchère, Yves
Relator term author
245 00 - TITLE STATEMENT
Title Vietnam et États voisins : Géopolitique d'une région sous influences
260 ## - PUBLICATION, DISTRIBUTION, ETC.
Name of publisher, distributor, etc. Armand Colin,<br/>
Date of publication, distribution, etc. 2023.<br/>
520 ## - SUMMARY, ETC.
Summary, etc. Trait-d’union entre la Chine et l’Asie du Sud-Est, le Vietnam connaît, depuis la fin des années 1980, un développement spectaculaire facilité par la chute du bloc de l’Est et d’importantes réformes économiques. L’émergence du Vietnam s’accompagne néanmoins d’enjeux socio-économiques qui ne peuvent être compris en dehors des relations et influences réciproques qu’entretiennent le Vietnam et ses États voisins (Laos, Cambodge, Chine). Après avoir mesuré le développement de ces États, et mis en exergue les convergences et divergences des pays d’une région sous influence chinoise, l’ouvrage questionne la nature des relations des États de l’ex-Indochine avec le géant économique et démographique chinois. Une attention particulière est également portée à l’examen des divisions et tensions entre le Vietnam, le Cambodge et le Laos à un moment où Beijing est perçue comme une menace mais aussi une source d’opportunités. Dépassant le cadre des frontières nationales, les configurations spatiales à l’œuvre témoignent de la vigueur de l’intégration économique de cette région dans les dynamiques de la mondialisation et le nouvel ordre régional en cours de construction sous l’égide de la Chine.
856 41 - ELECTRONIC LOCATION AND ACCESS
Uniform Resource Identifier <a href="https://shs.cairn.info/vietnam-et-etats-voisins--9782200637200?lang=fr&redirect-ssocas=7080">https://shs.cairn.info/vietnam-et-etats-voisins--9782200637200?lang=fr&redirect-ssocas=7080</a>

Pas d'exemplaire disponible.

PLUDOC

PLUDOC est la plateforme unique et centralisée de gestion des bibliothèques physiques et numériques de Guinée administré par le CEDUST. Elle est la plus grande base de données de ressources documentaires pour les Étudiants, Enseignants chercheurs et Chercheurs de Guinée.

Adresse

627 919 101/664 919 101

25 boulevard du commerce
Kaloum, Conakry, Guinée

Réseaux sociaux

Powered by Netsen Group @ 2025